Bed Chem - Sabrina Carpenter (All Lyrics) - Statistics

General Stats
  • This quiz has been taken 62 times
  • The average score is 348 of 434
Answer Stats
Lyrics % Correct
I
100%
B
98%
a
96%
(A
96%
be
96%
bed
96%
(Bed)
96%
(Bed
96%
(Bed-
96%
chem
96%
(Chem)
96%
chem)
96%
chem)
96%
go),
96%
good
96%
Ha
96%
ha
96%
have
96%
me
96%
me,
96%
me?
96%
really
96%
we
96%
We
96%
And
93%
and
93%
in
93%
the
93%
it
91%
You
91%
you
91%
my
89%
(My)
89%
up
89%
up,
89%
was
89%
bet
87%
boy
87%
for
87%
that
87%
Who's
87%
with
87%
Your
87%
But
85%
but
85%
But,
85%
cute
85%
it's
85%
on
85%
we'd
85%
accent?
83%
all
83%
are
83%
Are
83%
(Are
83%
head
83%
know,
83%
know
83%
No-
83%
no-
83%
no
83%
no,
83%
so
83%
(So
83%
time
83%
were
83%
when
83%
Where
83%
white
83%
you're
83%
day
80%
jacket
80%
(Make
80%
next
80%
dress
78%
free
78%
How
78%
I'm
78%
like
78%
Like
78%
makes
78%
mean
78%
met
78%
Oh,
78%
(Oh,
78%
(Oh
78%
oh
78%
oh,
78%
rush,
78%
sec
78%
sense
78%
sense)
78%
talk
78%
thing
78%
Why
78%
Come
76%
guy
76%
not
76%
pick
76%
sheer
76%
thick
76%
both
74%
could
74%
just
74%
talked
74%
what
74%
connect
72%
friend
72%
got
72%
at
70%
eyes
70%
Said
70%
sweet
70%
bad
67%
(Bad)
67%
blue
67%
doin'
67%
down,
67%
Maybe
67%
of
67%
wanna
67%
week?
67%
week?)
67%
Manifest
65%
prophecy
65%
That's
65%
that's
65%
thou?
65%
zone,
65%
now
63%
odds?
63%
right
63%
send
63%
text
63%
things
63%
turn
63%
big
61%
goin'
61%
hit
61%
Out
61%
out?
61%
oversized
61%
'round
61%
'round,
61%
than
61%
breath,
59%
means
59%
pull
59%
same
59%
arrive
57%
art
57%
even
57%
lookin'
57%
mind,
57%
obsessed
57%
obsessed)
57%
See
57%
yeah,
57%
better
54%
'em
54%
fulfill
54%
let's
54%
Ooh
54%
Ooh,
54%
digress,
52%
wide,
52%
camaraderie
50%
scrollin'
50%
set
50%
six-nine
50%
uponeth
48%
mm?
43%
bit
41%
sound
41%
redundant
37%
thermostat's
37%
little
33%
baby
24%
fade-
24%
No matching quizzes found
Score Distribution
Percent of People with Each Score
Percentile by Number Answered
Your Score History
You have not taken this quiz